| 000 | 01041nmm a2200289 a 4500 | ||
|---|---|---|---|
| 001 | ocm0002015539 | ||
| 003 | TR-IsHL | ||
| 005 | 20201028175903.0 | ||
| 008 | 181109s2018 tu tur | ||
| 007 | cr cn | ||
| 020 | _a9786052363089 | ||
| 035 |
_a2015539 _b(N$T) |
||
| 050 | 0 | 4 |
_aPQ3979.3.G54 _bS8 2018 |
| 090 | 0 | 4 |
_aPQ3979.3.G54 _bS8 2018 |
| 100 | 1 | _aGisèle, Durero Köseoğlu | |
| 245 | 1 | 0 |
_aGürcü hatun: Aslanın güneşi _h[electronic resource] / _cDurero Köseoğlu Gisèle ; Fransızcadan çeviren Burçak Targaç |
| 260 |
_aİstanbul : _bGiTa Yayınları, _c2018 |
||
| 300 | _a440 p. | ||
| 500 | _aÖzgün Adı: Sultane Gurdju Soleil Du Lion (2015) | ||
| 650 | 4 | _aDil ve Edebiyat | |
| 650 | 4 | _aLanguage and Literature | |
| 650 | 0 |
_aFransız edebiyatı _x Roman |
|
| 650 | 0 |
_aFrench literature _x Fiction |
|
| 650 | 7 |
_aLITERARY COLLECTIONS / European / French _2bisacsh |
|
| 700 | 1 | _aTargaç, Burçak | |
| 856 | 4 | 0 | _uhttp://search.ebscohost.com/login.aspx?direct=true&scope=site&db=e011xww&AN=2015539 |
| 999 |
_c18884 _d18884 |
||